00623 2200181 4500001002100000005001500021035002000036245004200056100001600098250001700114300002900131260004400160082000800204084001400212020002200226650002000248520017300268INLIS00000000000012820240508075213 a0010-05240000501 a99 Fakta Unik Tumbuhan /cAisha Shafa0 aAisha Shafa acetakan ke-1 a104 hlm :bilus ;c25 cm aJakarta Timur :bAl-Kautsar Kids,c2017 a580 a580 AIS s a978-602-169-453-4 4aTumbuhan, Sains aTernyata banyak sekali fakta mengejutkan mengenai tanaman yang belum diketahui sebelumnya. Isi buku ini mengajak pembacanya sekaligus mengenali kekuasaan Sang Pencipta.